Warrior cats fur names - Statistics

General Stats
  • This quiz has been taken 117 times
  • The average score is 18 of 65
Answer Stats
% Correct
Bluefur
83%
Snowfur
79%
Brackenfur
69%
AshfurShc
55%
AshfurTc
55%
Mousefur
52%
ApplefurOots
48%
ApplefurTf
48%
Stonefur
45%
Stormfur
45%
Cinderfur
41%
Frostfur
41%
Oakfur
41%
Honeyfur
38%
Leopardfur
34%
MintfurRc
34%
MintfurSkc
34%
Mudfur
31%
Nightfur
31%
Petalfur
31%
Sparrow fur
31%
Antfur
28%
BeechfurRc
28%
BeechfurTc
28%
Gorse fur
28%
Kinkfur
28%
RainfurSkc
28%
RainfurTc
28%
Rowanfur
28%
Russetfur
28%
Spotfur
28%
Spotted fur
28%
Acorn fur
24%
Hawkfur
24%
Owlfur
24%
Squirrelfur
24%
Duskfur
21%
Pebblefur
21%
Pinefur
21%
Rabbitfur
21%
Shellfur
21%
Boulderfur
17%
Scorchfur
17%
Sootfur
17%
StoatfurShc
17%
StoatfurSkc
17%
Timberfur
17%
Crowfur
14%
Grassfur
14%
Lilyfur
14%
Mallowfur
14%
MilkfurMv
14%
MilkfurWc
14%
MilkfurYs
14%
Slatefur
14%
Tawnyfur
14%
Trout fur
14%
Weaselfur
14%
Sleek fur
10%
SloefurRc
10%
SloefurShc
10%
Wildfur
10%
Logfur
7%
Spikefur
7%
Lichenfur
3%
No matching quizzes found
Score Distribution
Percent of People with Each Score
Percentile by Number Answered
Your Score History
You have not taken this quiz